| 000 | 01158cam a2200217 4500 | ||
|---|---|---|---|
| 001 | ABS66808 | ||
| 008 | 030625n2003 000 0 eng u | ||
| 035 | _a(Sirsi) u122750 | ||
| 100 | _aSchopen, F. | ||
| 245 | 4 | _aThe green space frontier | |
| 260 | _c2003 | ||
| 490 |
_aRegeneration and Renewal _v13 July 2003, 19-21(2) |
||
| 520 | _aHighlights the importance of urban green spaces and looks at how government and local authorities are trying to achieve them. Government set aside £201m for parks and open spaces in its sustainable communities plan which included a £89m liveability fund to help local authorities create green space strategies. Describes the progress made by local authorities and looks at some of the difficulties they have encountered such as lack of funding. Key factors for a successful strategy include making it understandable, incorporating partnerships and involving the local community as demonstrated by Bexley LBC. | ||
| 590 | _aABS | ||
| 650 | _aGREEN SPACES | ||
| 650 | _aLOCAL AUTHORITIES | ||
| 650 | _aURBAN REGENERATION | ||
| 650 | _aOPEN SPACES | ||
| 690 | _aENVIRONMENTAL AND LAND CONSULTANCY | ||
| 942 | _n0 | ||
| 999 |
_c72930 _d72930 |
||